Public Relations for Your Business / (Record no. 617141)

000 -LEADER
fixed length control field 00451nam a22001697a 4500
003 - CONTROL NUMBER IDENTIFIER
control field NUST
005 - DATE AND TIME OF LATEST TRANSACTION
control field 20260416162644.0
008 - FIXED-LENGTH DATA ELEMENTS--GENERAL INFORMATION
fixed length control field 260416b ||||| |||| 00| 0 eng d
020 ## - INTERNATIONAL STANDARD BOOK NUMBER
International Standard Book Number 81-7446-026-8
082 ## - DEWEY DECIMAL CLASSIFICATION NUMBER
Classification number 659.2023
Author Mark JEF
100 ## - MAIN ENTRY--PERSONAL NAME
Personal name Frank Jefkins.
9 (RLIN) 134185
245 ## - TITLE STATEMENT
Title Public Relations for Your Business /
Statement of responsibility, etc. Frank Jefkins.
260 ## - PUBLICATION, DISTRIBUTION, ETC.
Place of publication, distribution, etc. India:
Name of publisher, distributor, etc. Excel book,
Date of publication, distribution, etc. 1995.
300 ## - PHYSICAL DESCRIPTION
Extent 189 p ;
Dimensions 25.45 cm
563 ## - BINDING INFORMATION
Binding note Paperback
942 ## - ADDED ENTRY ELEMENTS (KOHA)
Source of classification or shelving scheme
Koha item type Book
Holdings
Withdrawn status Lost status Source of classification or shelving scheme Damaged status Not for loan Permanent Location Current Location Date acquired Total Checkouts Full call number Barcode Date last seen Price effective from Koha item type
          Institute of Geographical Information Systems (IGIS) Institute of Geographical Information Systems (IGIS) 04/16/2026   659.2023 JEF IGIS-407 04/16/2026 04/16/2026 Book
          Institute of Geographical Information Systems (IGIS) Institute of Geographical Information Systems (IGIS) 04/16/2026   659.2023 JEF IGIS-408 04/16/2026 04/16/2026 Book
© 2023 Central Library, National University of Sciences and Technology. All Rights Reserved.